|
|
|
|
| LEADER |
00629nam a22001577a 4500 |
| 020 |
|
|
|a 9230999148
|
| 082 |
|
|
|a 912.155 146
|b KOL/EQ
|
| 100 |
|
|
|a A.G. Kolesnikov
|
| 245 |
|
|
|a Equalant I & Equalant II Vol.2 Physical oceanography
|
| 260 |
|
|
|b UNESCO
|c 1985
|a Paris
|
| 300 |
|
|
|a 276
|b Large Atlas
|
| 650 |
|
|
|a Oceanographic Atlas
|
| 942 |
|
|
|c MP
|
| 999 |
|
|
|c 6366
|d 6366
|
| 952 |
|
|
|0 0
|1 0
|4 0
|6 912_155000000000000_146_OCE
|7 0
|8 REF
|9 8007
|a KUFOS
|b KUFOS
|c REF
|d 2016-06-15
|o 912.155 146 OCE
|p 09404
|r 2016-06-15
|y MP
|
| 952 |
|
|
|0 0
|1 0
|4 0
|6 551_460000000000000_KOL_EQ
|7 0
|8 REF
|9 35894
|a KUFOS
|b KUFOS
|c CC
|d 2017-10-21
|o 551.46 KOL/EQ
|p 09403
|r 2017-10-21
|w 2017-10-21
|y BK
|